Most Populated Cities In South Korea - Statistics

General Stats
  • This quiz has been taken 32 times
  • The average score is 6 of 10
Answer Stats
Pop Answer % Correct
9.9mill Seoul
100%
3.4mill Busan
94%
2.89mill Incheon
84%
2.44mill Daegu
63%
1.5mill Gwangju
53%
1.16mill Ulsan
41%
1.53mill Daejeon
38%
1.19mill Suwon
34%
1.05mill Changwon
31%
990000 Goyang
22%
No matching quizzes found
Score Distribution
Percent of People with Each Score
Percentile by Number Answered
Your Score History
You have not taken this quiz